00366nam a2200145Ia 4500003000400000008004100004040001600045082001300061100002400074245004500098260003000143300001000173650001500183650002200198GCL140319s9999 xx 000 0 eng d aGCL / cGCL04a843bW M1 aWAYERGANE, FRANCOIS10aMACAIRE LE COPTE / cWAYERGANE, FRANCOIS a[S.N] : bFOLIO ، c1992 a181 P04aLITERATURE04aFRENCH LITERATURE